| 000 | 00427nam a22001577a 4500 | ||
|---|---|---|---|
| 005 | 20231128145004.0 | ||
| 008 | 231128b |||||||| |||| 00| 0 eng d | ||
| 041 | _aEnglish | ||
| 082 | _a340.1 BAR | ||
| 100 | _lEnglish | ||
| 245 |
_aThe Bar Council of India : _bAdvocates Act 1961 |
||
| 260 | _c1993 | ||
| 300 |
_b63 pages ; _c25 cm. |
||
| 650 |
_aLegal practice _bLaw |
||
| 942 |
_cBK _6ALISON_BN_VRIES |
||
| 999 |
_c1025 _d1025 |
||